Анализ осветительной установки центра спортивной подготовки "Заря"; Перспективы развития фундаментальных наук
| Parent link: | Перспективы развития фундаментальных наук.— 2015.— [С. 1314-1316] |
|---|---|
| المؤلف الرئيسي: | |
| مؤلف مشترك: | |
| مؤلفون آخرون: | |
| الملخص: | Заглавие с экрана In the work provided an analysis of the lighting system UIA Sports Training Centre "Dawn", Novosibirsk and calculation of payback lighting installation when replacing an existing system on led light sources. |
| اللغة: | الروسية |
| منشور في: |
2015
|
| سلاسل: | Технология |
| الموضوعات: | |
| الوصول للمادة أونلاين: | http://earchive.tpu.ru/handle/11683/19112 http://www.lib.tpu.ru/fulltext/c/2015/C21/420.pdf |
| التنسيق: | الكتروني فصل الكتاب |
| KOHA link: | https://koha.lib.tpu.ru/cgi-bin/koha/opac-detail.pl?biblionumber=613260 |
MARC
| LEADER | 00000naa2a2200000 4500 | ||
|---|---|---|---|
| 001 | 613260 | ||
| 005 | 20231101132741.0 | ||
| 035 | |a (RuTPU)RU\TPU\conf\11392 | ||
| 035 | |a RU\TPU\conf\11383 | ||
| 090 | |a 613260 | ||
| 100 | |a 20150710d2015 k y0rusy50 ca | ||
| 101 | 0 | |a rus |d eng | |
| 102 | |a RU | ||
| 105 | |a a z 101zy | ||
| 135 | |a drcn ---uucaa | ||
| 181 | 0 | |a i | |
| 182 | 0 | |a b | |
| 200 | 1 | |a Анализ осветительной установки центра спортивной подготовки "Заря" |d Analysis of the lighting system of sports training center "Dawn" |f Д. А. Бузмакова |g науч. рук. К. П. Толкачёва | |
| 203 | |a Текст |c электронный | ||
| 215 | |a 1 файл(571 Кб) | ||
| 225 | 1 | |a Технология | |
| 230 | |a Электронные текстовые данные (1 файл: 571 Кб) | ||
| 300 | |a Заглавие с экрана | ||
| 320 | |a [Библиогр.: с. 1316 (3 назв.)] | ||
| 330 | |a In the work provided an analysis of the lighting system UIA Sports Training Centre "Dawn", Novosibirsk and calculation of payback lighting installation when replacing an existing system on led light sources. | ||
| 337 | |a Adobe Reader | ||
| 463 | 1 | |0 (RuTPU)RU\TPU\conf\10376 |t Перспективы развития фундаментальных наук |l Prospects of fundamental sciences development |o сборник научных трудов XII Международной конференция студентов и молодых ученых, г. Томск, 21-24 апреля 2015 г. |f Национальный исследовательский Томский политехнический университет (ТПУ) ; Национальный исследовательский Томский государственный университет (ТГУ) ; Томский государственный архитектурно-строительный университет (ТГАСУ) ; Томский государственный университет систем управления и радиоэлектроники (ТУСУР) ; ред. кол. И. А. Курзина ; Г. А. Воронова ; С. А. Поробова |v [С. 1314-1316] |d 2015 | |
| 510 | 1 | |a Analysis of the lighting system of sports training center "Dawn" |z eng | |
| 610 | 1 | |a электронный ресурс | |
| 610 | 1 | |a труды учёных ТПУ | |
| 610 | 1 | |a осветительные установки | |
| 610 | 1 | |a спортивная подготовка | |
| 700 | 1 | |a Бузмакова |b Д. А. | |
| 702 | 1 | |a Толкачёва |b К. П. |c специалист в области светотехники |c ассистент Томского политехнического университета |f 1986- |g Ксения Петровна |2 stltpush |4 727 | |
| 712 | 0 | 2 | |a Национальный исследовательский Томский политехнический университет (ТПУ) |b Институт физики высоких технологий (ИФВТ) |b Кафедра лазерной и световой техники (ЛиСТ) |h 65 |2 stltpush |3 (RuTPU)RU\TPU\col\18690 |
| 801 | 1 | |a RU |b 63413507 |c 20101016 | |
| 801 | 2 | |a RU |b 63413507 |c 20210128 |g RCR | |
| 856 | 4 | |u http://earchive.tpu.ru/handle/11683/19112 | |
| 856 | 4 | |u http://www.lib.tpu.ru/fulltext/c/2015/C21/420.pdf | |
| 942 | |c BK | ||